Stolice Bałkanów - Statystyki

Ogólne statystyki
  • Ten quiz został rozwiązany 110 razy
  • Średni wynik to 9 z 10
Statystyki odpowiedzi
Państwa Stolice % Poprawnych
Grecja Ateny
98%
Bułgaria Sofia
98%
Rumunia Bukareszt
91%
Chorwacja Zagrzeb
91%
Serbia Belgrad
87%
Macedonia Północna Skopje
84%
Bośnia i Hercegowina Sarajewo
82%
Albania Tirana
82%
Kosowo Prisztina
80%
Czarnogóra Podgorica
78%
Nie znaleziono quizów pasujących do podanych kryteriów
Rozkład punktacji
Procent ludzi z każdym wynikiem
Percentyl według liczby udzielonych odpowiedzi
Twoja historia wyników
Nie rozwiązałeś tego quizu